Ekonomické minimum soukromých podnikatelů /

Salvato in:
Dettagli Bibliografici
Autore principale: Šup, Pavel (Autore)
Natura: Libro
Lingua:ceco
Pubblicazione: Frýdek-Místek : Belarusian national technical university, [1992]
Soggetti:
Accesso online:OBSAH
Tags: Aggiungi Tag
Nessun Tag, puoi essere il primo ad aggiungerne!!

MARC

LEADER 00000nam a22000003a 4500
001 stu35440
005 20150617225726.5
008 920421s1992----cs------------------cze-d
040 |a STU  |b slo 
041 0 |a cze 
044 |a cs 
080 |a 334.722 
080 |a 658.114(035) 
100 1 |a Šup, Pavel  |4 aut 
245 1 |a Ekonomické minimum soukromých podnikatelů /  |c [aut.]Pavel Šup 
260 |a Frýdek-Místek :  |b Belarusian national technical university,  |c [1992] 
300 |a 62 s 
650 7 |a Podniky súkromné  |2 stusub 
650 7 |a príručky  |2 stusub 
650 7 |a Súkromníctvo  |2 stusub 
856 4 |a https://sweb.mtf.stuba.sk/obsahy/ekonomicke_minimum_v_soukromnem_podnikani_90.pdf  |u https://sweb.mtf.stuba.sk/obsahy/ekonomicke_minimum_v_soukromnem_podnikani_90.pdf  |3 OBSAH 
996 |b 284M039294  |c M*B-142  |l MMKN  |s A  |a 24  |w stu35440_0001